Impacto ambiental en agrosistemas /

Guardado en:
Autor Principal: Giuffré, Lidia
Formato: Libro
Publicado: Buenos Aires : Universidad de Buenos Aires. Facultad de Agronomía, 2003
Edición:2a. ed.
Materias:
Etiquetas: Agregar Etiqueta
Sin Etiquetas, Sea el primero en etiquetar este registro!
LEADER 01991nam a22002535a 4500
001 CEM.cems017589
005 20181004164923.0
008 130507s2003##################000#0#####d
003 CEMS
020 |a 9502906241 
082 0 4 |a 333.713 
100 1 |a Giuffré, Lidia 
245 1 0 |a Impacto ambiental en agrosistemas /  |c Coordinado Por Lidia Giuffré 
250 |a 2a. ed. 
260 |a Buenos Aires :  |b Universidad de Buenos Aires. Facultad de Agronomía,  |c 2003 
300 |a 293 p. 
505 0 |a Impacto global de las actividades agropecuarias / Roberto J. Fernández -- Los recursos no son tan naturales / Víctor Cervio -- Gerenciamiento ambiental / Ana Ferrazzino y Susana Formento -- Contaminación de suelos / Lidia Giuffreé, Silvia Ratto y Carla Pascale -- Contaminación de aguas / Roberto Maisonnave y Alicia Fabrizio de Ioro -- Legislación ambiental / Susana Formento -- Valoración económica del ambiente / Daniel Tomasini -- Efecto ambiental de la actividad industrial, la vida urbana y la producción agropecuaria / Raúl S. Lavado y Marta S. Zubillaga -- Consecuencias ambientales del uso de plaguicidas / Patrica M. Caffarini y Angela Della Penna -- Higiene y seguridad en el trabajo agrario / Ana Cristina Amador -- Ergonomía en la mecanización de la producción agropecuaria / Julio C. Pollacino y Luis A. Larrosa -- Análisis, estructura y función del paisaje en el abordaje de estudios ambientales / Marcelo J. Massobrio y Oscar J. Santanatoglia -- Sistema de información geográfico aplicado a la detección de erosión hídrica / Stella Maris Navone, Walter Massad y María Inés Puentes -- Evaluación del impacto ambiental. Estudio de casos / Silvia Ratto y Lidia Giuffré 
653 |a Agrosistemas 
653 |a Suelos-contaminación 
653 |a Agua-contaminación 
653 |a Contaminación ambiental 
653 |a Legislación ambiental 
653 |a Contaminación aire, agua, tierra 
859 |a CEMS  |b BIB. CEMS - Agricultura  |h 333.713  |i G448-1  |p A1376.11  |t Ej.1